Pokémon de type Ténèbres - Mort subite images - Statistiques

Statistiques générales
  • Ce quiz a été pris 147 fois
  • Le résultat moyen est 6 sur 12
Answers on the Grid
Answers color-coded by a green-red scale on the quiz's grid according to % correct below.
 
Statistiques - réponses
Réponse % Correct
67%
64%
57%
55%
55%
52%
51%
45%
43%
37%
37%
27%
Aucun quiz correspondant
Distribution des résultats
% des personnes avec chaque résultat
Percentile par nombre de réponses
Votre historique - résultats
Vous n’avez pas pris ce quiz